| 000 | 00000nam##2200000za#4500 |
| 001 | 9.662685 |
| 003 | CaOODSP |
| 005 | 20210615120702 |
| 007 | ta |
| 008 | 150407|2002||||xxc||||| f|0| 0 eng|d |
| 020 | |a0-662-65650-4 |
| 040 | |aCaOODSP|beng |
| 041 | |aeng |
| 041 | |afre |
| 043 | |an-cn--- |
| 086 | 1 |aSC94-81/2001 |
| 110 | 1 |aCanada.|bCanadian Centre for Management Development. |
| 245 | 10|aMoving from the heroic to the everyday : |blessons learned from leading horizontal projects / |cby Mark Hopkins, Chantal Couture and Elizabeth Moore. |
| 260 | |aOttawa - Ontario : |bCanadian Centre for Management Development |c2002. |
| 300 | |axii, 64p. : |breferences, tables ; |c28 cm. |
| 563 | |aSoftcover |
| 590 | |a02-31|b2002-08-02 |
| 690 | 07|aOffice management|2gcpds |
| 690 | 07|aPublic service|2gcpds |
| 690 | 07|aDecentralization|2gcpds |
| 720 | 1 |aHopkins, Mark |
| 720 | 1 |aCouture, Chantal |
| 720 | 1 |aMoore, Elizabeth |
| 776 | 0#|tDe l'effort héroïque au travail quotidien : |w(CaOODSP)9.640023 |
| 776 | 0#|tMoving from the heroic to the everyday : |w(CaOODSP)9.695903 |
| 792 | |tDe l'effort héroïque au travail quotidien : |efre|w(CaOODSP)9.662686 |